| 000 | 02567cam a2200493 4500 | ||
|---|---|---|---|
| 001 | ##J111542 | ||
| 008 | 000000n2001 000 0 eng u | ||
| 020 | _a0421825901 | ||
| 035 | _a(Sirsi) u111542 | ||
| 041 | 0 | _aeng | |
| 050 | 0 | 4 | _a346.41032 $2 18 |
| 100 | 1 | _aWalton, Christopher Thomas | |
| 245 | 0 | 0 | _aCharlesworth and Percy on negligence |
| 250 | _a10th ed. | ||
| 260 |
_aLondon _bSweet and Maxwell _c2001 |
||
| 300 |
_accxlviii, 1068p. _c24cm. |
||
| 350 | _a225 | ||
| 490 | 0 |
_aSweet and Maxwell Common Law Library _v6 |
|
| 505 | 2 | _aGeneral principles: The meaning of negligence -- The duty to take care -- Principal defences and discharges from liability -- Damages -- Proof of actionable negligence | |
| 505 | 2 | _aStandard of care: The standard of care -- Dangerous premises -- Persons professing some special skill -- Highways and transport -- Employment at common law | |
| 505 | 2 | _aStatutory duty: liability for breach of statutory duty | |
| 505 | 2 | _aAbsolute or strict liability: Dangerous things "Rylands v Fletcher" -- Animals -- Products liability | |
| 505 | 2 | _aDeath: Death and causes of action | |
| 505 | 2 | _aMiscellanous matters: Insurance and other compensation schemes | |
| 520 | _aThe standard work on professional negligence covering the liability of occupiers, quantity surveyors, auctioneers, arbitrators, valuers, estate agents and practitioners. Tables of cases, statutory instruments, civil procedure rules, civil procedure rules practice directions, European directives and European and international conventions and treaties. | ||
| 520 | _aSuperseded by eleventh edition (ISBN 0421954304) | ||
| 650 | 2 | 4 | _aOCCUPIERS LIABILITY ACT 1984 |
| 650 | 2 | 4 | _aFRAMEWORK DIRECTIVE |
| 650 | 2 | 4 | _aMANAGEMENT OF HEALTH AND SAFETY AT WORK REGULATIONS 1999 |
| 650 | 2 | 4 | _aWORKPLACE (HEALTH, SAFETY AND WELFARE) REGULATIONS 1992 |
| 650 | 2 | 4 | _aCONSTRUCTION (HEALTH, SAFETY AND WELFARE) REGULATIONS 1996 |
| 650 | 2 | 4 | _aPROVISION AND USE OF WORK EQUIPMENT REGULATIONS 1998 |
| 650 | 2 | 4 | _aLIFTING OPERATIONS AND LIFTING EQUIPMENT REGULATIONS 1998 |
| 650 | 2 | 4 | _aCONTROL OF SUBSTANCES HAZARDOUS TO HEALTH REGULATIONS |
| 650 | 2 | 4 | _aPERSONAL PROTECTIVE EQUIPMENT AT WORK REGULATIONS 1992 |
| 650 | 2 | 4 | _aMANUAL HANDLING OPERATIONS REGULATIONS 1992 |
| 650 | 2 | 4 | _aRYLANDS V FLETCHER |
| 650 | 2 | 4 | _aCONSUMER PROTECTION ACT 1987 |
| 690 | _aMANAGEMENT-BUSINESS MANAGEMENT-PROFESSIONAL PRACTICE-NEGLIGENCE | ||
| 700 | 1 | _aCooper, Roger | |
| 700 | 1 | _aWood, Simon E. | |
| 700 | 1 |
_aPercy, R. A. _eConsultant Editor |
|
| 942 | _n0 | ||
| 999 |
_c101252 _d101252 |
||